01455nam a2200325 a 4500008004100000020001800041041000800059092002200067100003000089245012900119250001100248260003400259300001100293500016400304653001100468653001900479653001600498653001400514653001900528653002200547653001800569653002100587653002600608653003000634653004800664942001200712999001500724952020400739952018600943130514s2010 ag ||||| |||| 00| 0 spa d a9789875701182 aspa c616.936 l81sSTO1 aStorino, Rubén A.92235 aChagas en el sigo XXI. A 100 años de su descubrimiento.bDe la enfermedad a la problemática social /cRubén A. Storino a1a ed. aBuenos Aires:bAkadia;c2010. a293 p. aStorino, R. A. (2010). Chagas en el siglo XXI. A 100 años de su descubrimiento. De la enfermedad a la problemática social. (1a ed.). Buenos Aires : Akadia. aChagas aClinica medica aTriatominos aNosologia aAmerica Latina aTrypanosoma Cruzi aChagas y Sida aChagas congenita aCardiopatia chagasica aDerechos humanos y chagas aChagas, pobreza, discriminacion y desempleo 2ddccBK c1404d1404 00102ddc40708NFICaBFMbBFMcREFd2013-05-14eProyecto PROMEDg144.00l2o616.936 81 STOp2918r2018-08-13s2018-08-10tEj. 1w2013-05-14yREFzPROMED 2do año LIBRO DE CONSULTA. Sede Tordos. f 00102ddc40708NFICaBFMbBFMcCRd2013-05-14eProyecto PROMEDg144.00l8m1o616.936 81 STOp2919r2018-08-21s2018-08-17tEj. 2w2013-05-14yBKzPROMED 2do año. Sede Tordos.f